000 00912nam a2200241 a 4500
001 000020818
003 DO-SdBNP
005 20251128100631.0
008 100818s2009 xxuab 000 0 spa d
020 _a9788484763796
040 _aDO-SdBNP
_bspa
_cBNPHU
082 4 _a303.44
_bP964i, 2009
_222
110 2 _aPrograma de las Naciones Unidas para el Desarrollo
_9187
245 1 0 _aInforme sobre desarrollo humano 2009 :
_bsuperando barreras: movilidad y desarrollo humanos.
246 2 3 _aSuperando barreras:
_bmovilidad y desarrollo humanos
260 _aNew York :
_bPrograma de las Naciones Unidas para el Desarrollo:
_bGrupo Mundi-Prensa,
_c2009.
300 _axiii, 233 p. :
_bil. ; mapa ;
_c28 cm.
650 4 _aDesarrollo humano
_9213
650 4 _aPolítica de migración
_943642
650 4 _aMovilidad de la población
_943643
910 _aValidado. Control de calidad. MMOLINA
942 _2ddc
_cLBS1
999 _c20322
_d20322